<?xml version="1.0" encoding="UTF-8"?>
<record
    xmlns:xsi="http://www.w3.org/2001/XMLSchema-instance"
    xsi:schemaLocation="http://www.loc.gov/MARC21/slim http://www.loc.gov/standards/marcxml/schema/MARC21slim.xsd"
    xmlns="http://www.loc.gov/MARC21/slim">

  <leader>01237nam a22002537a 4500</leader>
  <datafield tag="999" ind1=" " ind2=" ">
    <subfield code="c">33192</subfield>
    <subfield code="d">33192</subfield>
  </datafield>
  <controlfield tag="005">20190408131729.0</controlfield>
  <controlfield tag="008">091209t        xxu||||| |||| 00| 0 hin d</controlfield>
  <datafield tag="010" ind1=" " ind2=" ">
    <subfield code="a">HIN-88815</subfield>
  </datafield>
  <datafield tag="020" ind1=" " ind2=" ">
    <subfield code="c">200.00</subfield>
    <subfield code="a">8190272446</subfield>
  </datafield>
  <datafield tag="035" ind1=" " ind2=" ">
    <subfield code="a">HN-61161, B-197269</subfield>
  </datafield>
  <datafield tag="037" ind1=" " ind2=" ">
    <subfield code="b">DBAD / PUB</subfield>
  </datafield>
  <datafield tag="040" ind1=" " ind2=" ">
    <subfield code="a">DPL</subfield>
    <subfield code="b">HN</subfield>
  </datafield>
  <datafield tag="082" ind1=" " ind2=" ">
    <subfield code="a">181.46</subfield>
  </datafield>
  <datafield tag="100" ind1=" " ind2=" ">
    <subfield code="a">&#x92D;&#x93E;&#x930;&#x926;&#x94D;&#x935;&#x93E;&#x91C;, &#x92D;&#x917;&#x935;&#x93E;&#x928;&#x936;&#x930;&#x923;</subfield>
    <subfield code="9">41447</subfield>
  </datafield>
  <datafield tag="245" ind1=" " ind2=" ">
    <subfield code="a">&#x915;&#x930;&#x94D;&#x92E;&#x92F;&#x94B;&#x917; &#x939;&#x948; &#x915;&#x930;&#x94D;&#x92E;&#x94B;&#x902; &#x926;&#x94D;&#x935;&#x93E;&#x930;&#x93E; &#x92A;&#x94D;&#x930;&#x92D;&#x941; &#x915;&#x940; &#x92A;&#x942;&#x91C;&#x93E; /</subfield>
    <subfield code="c">&#x92D;&#x917;&#x935;&#x93E;&#x928;&#x936;&#x930;&#x923; &#x92D;&#x93E;&#x930;&#x926;&#x94D;&#x935;&#x93E;&#x91C;</subfield>
  </datafield>
  <datafield tag="246" ind1=" " ind2=" ">
    <subfield code="a">Karmayoga hai karmon dwara prabhu ki pooja</subfield>
    <subfield code="b">by B.S.Bharadwaj</subfield>
  </datafield>
  <datafield tag="260" ind1=" " ind2=" ">
    <subfield code="a">&#x926;&#x93F;&#x932;&#x94D;&#x932;&#x940;</subfield>
    <subfield code="b">&#x932;&#x94B;&#x915;&#x939;&#x93F;&#x924; &#x92A;&#x94D;&#x930;&#x915;&#x93E;&#x936;&#x928;</subfield>
    <subfield code="c">2008</subfield>
  </datafield>
  <datafield tag="270" ind1=" " ind2=" ">
    <subfield code="a">&#x921;&#x940;-585/12, &#x905;&#x936;&#x94B;&#x915; &#x928;&#x917;&#x930;, &#x917;&#x932;&#x940; &#x928;&#x902;.2, &#x928;&#x93F;&#x915;&#x91F; &#x935;&#x91C;&#x940;&#x930;&#x93E;&#x92C;&#x93E;&#x926; &#x930;&#x94B;&#x921;, &#x936;&#x93E;&#x939;&#x926;&#x930;&#x93E;</subfield>
    <subfield code="b">&#x926;&#x93F;&#x932;&#x94D;&#x932;&#x940;</subfield>
    <subfield code="e">110093</subfield>
    <subfield code="k">9818812384</subfield>
  </datafield>
  <datafield tag="300" ind1=" " ind2=" ">
    <subfield code="a">134&#x92A;&#x943;</subfield>
    <subfield code="c">22&#x938;&#x947;&#x92E;&#x940; (&#x938;&#x91C;&#x93F;&#x932;&#x94D;&#x926;)</subfield>
  </datafield>
  <datafield tag="650" ind1=" " ind2=" ">
    <subfield code="a">&#x915;&#x930;&#x94D;&#x92E;&#x92F;&#x94B;&#x917;</subfield>
    <subfield code="9">41448</subfield>
  </datafield>
  <datafield tag="650" ind1=" " ind2=" ">
    <subfield code="a">&#x92D;&#x917;&#x935;&#x926;&#x917;&#x940;&#x924;&#x93E;</subfield>
    <subfield code="x">&#x938;&#x92E;&#x93E;&#x932;&#x94B;&#x91A;&#x928;&#x93E;, &#x935;&#x94D;&#x92F;&#x93E;&#x916;&#x94D;&#x92F;&#x93E; </subfield>
    <subfield code="9">41449</subfield>
  </datafield>
  <datafield tag="651" ind1=" " ind2=" ">
    <subfield code="a">&#x92D;&#x93E;&#x930;&#x924;</subfield>
    <subfield code="x">&#x907;&#x924;&#x93F;&#x939;&#x93E;&#x938;</subfield>
    <subfield code="9">41450</subfield>
  </datafield>
  <datafield tag="942" ind1=" " ind2=" ">
    <subfield code="2">ddc</subfield>
    <subfield code="c">HN</subfield>
    <subfield code="h">181.46</subfield>
    <subfield code="m">&#x92D;&#x93E;&#x930;&#x926;&#x94D;&#x935;&#x93E;</subfield>
  </datafield>
  <datafield tag="952" ind1=" " ind2=" ">
    <subfield code="0">0</subfield>
    <subfield code="1">0</subfield>
    <subfield code="2">ddc</subfield>
    <subfield code="4">0</subfield>
    <subfield code="7">1</subfield>
    <subfield code="8">NFIC</subfield>
    <subfield code="a">DBAD</subfield>
    <subfield code="b">DBAD</subfield>
    <subfield code="d">2009-12-18</subfield>
    <subfield code="e">DBAD / PUB</subfield>
    <subfield code="g">200.00</subfield>
    <subfield code="l">0</subfield>
    <subfield code="o">181.46 &#x92D;&#x93E;&#x930;&#x926;&#x94D;&#x935;&#x93E;</subfield>
    <subfield code="p">HN-61161</subfield>
    <subfield code="r">2009-12-18 00:00:00</subfield>
    <subfield code="t">1</subfield>
    <subfield code="v">200.00</subfield>
    <subfield code="w">2009-12-18</subfield>
    <subfield code="y">HN</subfield>
  </datafield>
  <datafield tag="952" ind1=" " ind2=" ">
    <subfield code="0">0</subfield>
    <subfield code="1">0</subfield>
    <subfield code="2">ddc</subfield>
    <subfield code="4">0</subfield>
    <subfield code="7">0</subfield>
    <subfield code="8">NFIC</subfield>
    <subfield code="a">BL4</subfield>
    <subfield code="b">BL4</subfield>
    <subfield code="d">2019-04-08</subfield>
    <subfield code="e">BPPD/PUB</subfield>
    <subfield code="g">150.00</subfield>
    <subfield code="l">1</subfield>
    <subfield code="o">181.46 &#x92D;&#x93E;&#x930;&#x926;&#x94D;&#x935;&#x93E;</subfield>
    <subfield code="p">B-197269</subfield>
    <subfield code="r">2021-01-18 00:00:00</subfield>
    <subfield code="s">2021-01-08</subfield>
    <subfield code="v">150.00</subfield>
    <subfield code="w">2019-04-08</subfield>
    <subfield code="y">HN</subfield>
  </datafield>
</record>
